000 nam a22 7a 4500
999 _c10252
_d10252
008 180213b ||||| |||| 00| 0 eng d
100 _aHaq,E.
_96239
245 _aEducation Policy and Society
260 _aNew Delhi
_bShipra
_c2011